000 00356nam a2200133Ia 4500
003 GCL
008 140319s9999 xx 000 0 ara d
040 _aGCL /
_cGCL
082 0 4 _a320.157
_bع س
100 1 _aعبدالهادى عباس
245 1 0 _aالسيادة la Souverainete /
_cعبدالهادى عباس
300 _a319
490 _a100 قصة
_v0
999 _c43316
_d43316